000 00694nam a22002297a 4500
999 _c64844
_d64844
005 20240530110754.0
008 181224s2017 ua g 00| f ara d
017 _a2017/3359
_bمصر. دار الكتب
020 _a9789770934104
040 _aEG-CaGPL
_cEG-CaGPL
082 0 4 _221
_a813.03 /
_bف ع
100 0 _aفخرى لبيب
245 1 2 _aالعقال /
_cفخرى لبيب
250 _aط.1
260 _aالقاهرة :
_bدار الشروق ،
_c2017.
300 _a333 ص. ؛
_c19 سم.
650 0 7 _2qrmak
_aالادب العربى
650 0 7 _2qrmak
_aالقصص العربية
651 _2qrmak
942 _2ddc
_cBK